Ecology : Theories and application

This overview of evolutionary, behavioural, population, community and applied ecology covers the essentials required by beginning students. This edition has been thoroughly updated to reflect recent ideas, concepts and examples. It also features greater emphasis on applied ecology.

Guardado en:
Detalles Bibliográficos
Autor principal: Stiling, Peter D.
Formato: Libro
Lenguaje:Undetermined
Publicado: Upper Saddle River, N.J. Prentice Hall 1996
Materias:
Etiquetas: Agregar Etiqueta
Sin Etiquetas, Sea el primero en etiquetar este registro!
Thư viện lưu trữ: Trung tâm Học liệu Trường Đại học Cần Thơ
LEADER 00831nam a2200217Ia 4500
001 CTU_186459
008 210402s9999 xx 000 0 und d
020 |c 7.02 
082 |a 577 
082 |b S857 
100 |a Stiling, Peter D. 
245 0 |a Ecology : 
245 0 |b Theories and application 
245 0 |c Peter D. Stiling 
260 |a Upper Saddle River, N.J. 
260 |b Prentice Hall 
260 |c 1996 
520 |a This overview of evolutionary, behavioural, population, community and applied ecology covers the essentials required by beginning students. This edition has been thoroughly updated to reflect recent ideas, concepts and examples. It also features greater emphasis on applied ecology. 
650 |a Ecology,Sinh thái 
904 |i Trúc 
980 |a Trung tâm Học liệu Trường Đại học Cần Thơ